<?xml version="1.0" encoding="UTF-8"?>
<record
    xmlns:xsi="http://www.w3.org/2001/XMLSchema-instance"
    xsi:schemaLocation="http://www.loc.gov/MARC21/slim http://www.loc.gov/standards/marcxml/schema/MARC21slim.xsd"
    xmlns="http://www.loc.gov/MARC21/slim">

  <leader>02212nam a2200241Ia 4500</leader>
  <controlfield tag="001">18587</controlfield>
  <controlfield tag="003">GE_BSU</controlfield>
  <controlfield tag="008">181216s||||||||xx |||||||||||||| ||und||</controlfield>
  <datafield tag="020" ind1=" " ind2=" ">
    <subfield code="a">9789941043109</subfield>
  </datafield>
  <datafield tag="040" ind1=" " ind2=" ">
    <subfield code="c">GE_BSU</subfield>
  </datafield>
  <datafield tag="080" ind1=" " ind2=" ">
    <subfield code="a">913(479.22)</subfield>
  </datafield>
  <datafield tag="245" ind1=" " ind2=" ">
    <subfield code="a">&#x10D0;&#x10E2;&#x10DA;&#x10D0;&#x10E1;&#x10D8; &#x10E1;&#x10D0;&#x10E5;&#x10D0;&#x10E0;&#x10D7;&#x10D5;&#x10D4;&#x10DA;&#x10DD;&#x10E1; &#x10E2;&#x10D4;&#x10E0;&#x10D8;&#x10E2;&#x10DD;&#x10E0;&#x10D8;&#x10D8;&#x10E1;&#x10D7;&#x10D5;&#x10D8;&#x10E1; &#x10D3;&#x10D0;&#x10DB;&#x10D0;&#x10EE;&#x10D0;&#x10E1;&#x10D8;&#x10D0;&#x10D7;&#x10D4;&#x10D1;&#x10D4;&#x10DA;&#x10D8; &#x10D1;&#x10E3;&#x10DC;&#x10D4;&#x10D1;&#x10E0;&#x10D8;&#x10D5;&#x10D8; &#x10E1;&#x10E2;&#x10D8;&#x10E5;&#x10D8;&#x10E3;&#x10E0;&#x10D8; &#x10DB;&#x10DD;&#x10D5;&#x10DA;&#x10D4;&#x10DC;&#x10D4;&#x10D1;&#x10D8;&#x10E1; &#x10E1;&#x10D0;&#x10E4;&#x10E0;&#x10D7;&#x10EE;&#x10D4;&#x10D4;&#x10D1;&#x10D8;&#x10E1;&#x10D0; &#x10D3;&#x10D0; &#x10E0;&#x10D8;&#x10E1;&#x10D9;&#x10D4;&#x10D1;&#x10D8;&#x10E1;:ATLAS:OF NATURAL HAZARDS&amp;RISKS OF GEORGIA</subfield>
  </datafield>
  <datafield tag="245" ind1=" " ind2=" ">
    <subfield code="c">&#x10DB;&#x10DD;&#x10DC;&#x10D0;&#x10EC;&#x10D8;&#x10DA;&#x10D4;&#x10D4;&#x10D1;&#x10D8;:&#x10D9;&#x10D4;&#x10D8;&#x10E1; &#x10D5;&#x10D0;&#x10DC; &#x10D5;&#x10D4;&#x10E1;&#x10E2;&#x10D4;&#x10DC;&#x10D8;,&#x10DE;&#x10E0;&#x10DD;&#x10D4;&#x10E5;&#x10E2;&#x10D8;&#x10E1; &#x10D3;&#x10D8;&#x10E0;&#x10D4;&#x10E5;&#x10E2;&#x10DD;&#x10E0;&#x10D8;:&#x10DC;&#x10D0;&#x10DC;&#x10D0; &#x10EF;&#x10D0;&#x10DC;&#x10D0;&#x10E8;&#x10D8;&#x10D0;,&#x10DB;&#x10D4;&#x10DC;&#x10DD; &#x10E1;&#x10E2;&#x10E0;&#x10D0;&#x10E1;&#x10DB;&#x10D0; &#x10D3;&#x10D0; &#x10E1;&#x10EE;&#x10D5;.</subfield>
  </datafield>
  <datafield tag="260" ind1=" " ind2=" ">
    <subfield code="a">&#x10D7;&#x10D1;&#x10D8;&#x10DA;&#x10D8;&#x10E1;&#x10D8;</subfield>
  </datafield>
  <datafield tag="260" ind1=" " ind2=" ">
    <subfield code="b">&#x10D2;.&#x10D2;</subfield>
  </datafield>
  <datafield tag="260" ind1=" " ind2=" ">
    <subfield code="c">2016</subfield>
  </datafield>
  <datafield tag="300" ind1=" " ind2=" ">
    <subfield code="a">110&#x10D2;&#x10D5;;&#x10D8;&#x10DA;,&#x10E0;&#x10E3;&#x10D9;,30&#x10E1;&#x10DB;.</subfield>
  </datafield>
  <datafield tag="520" ind1=" " ind2=" ">
    <subfield code="a">ENPARD:&#x10E1;&#x10DD;&#x10E4;&#x10DA;&#x10D8;&#x10E1;&#x10D0; &#x10D3;&#x10D0; &#x10E1;&#x10DD;&#x10E4;&#x10DA;&#x10D8;&#x10E1; &#x10DB;&#x10D4;&#x10E3;&#x10E0;&#x10DC;&#x10D4;&#x10DD;&#x10D1;&#x10D8;&#x10E1; &#x10D2;&#x10D0;&#x10DC;&#x10D5;&#x10D8;&#x10D7;&#x10D0;&#x10E0;&#x10D4;&#x10D1;&#x10D8;&#x10E1; &#x10DE;&#x10E0;&#x10DD;&#x10D2;&#x10E0;&#x10D0;&#x10DB;&#x10D0; &#x10D3;&#x10D0;&#x10E4;&#x10D8;&#x10DC;&#x10D0;&#x10DC;&#x10E1;&#x10D4;&#x10D1;&#x10E3;&#x10DA;&#x10D8;&#x10D0; &#x10D4;&#x10D5;&#x10E0;&#x10DD;&#x10D9;&#x10D0;&#x10D5;&#x10E8;&#x10D8;&#x10E0;&#x10D8;&#x10E1; &#x10DB;&#x10D8;&#x10D4;&#x10E0;.</subfield>
  </datafield>
  <datafield tag="653" ind1=" " ind2=" ">
    <subfield code="a">&#x10D0;&#x10E2;&#x10DA;&#x10D0;&#x10E1;&#x10D8; &#x10E1;&#x10D0;&#x10E5;&#x10D0;&#x10E0;&#x10D7;&#x10D5;&#x10D4;&#x10DA;&#x10DD;&#x10E1; &#x10E2;&#x10D4;&#x10E0;&#x10D8;&#x10E2;&#x10DD;&#x10E0;&#x10D8;&#x10D8;&#x10E1;&#x10D7;&#x10D5;&#x10D8;&#x10E1; &#x10D3;&#x10D0;&#x10DB;&#x10D0;&#x10EE;&#x10D0;&#x10E1;&#x10D8;&#x10D0;&#x10D7;&#x10D4;&#x10D1;&#x10D4;&#x10DA;&#x10D8; &#x10D1;&#x10E3;&#x10DC;&#x10D4;&#x10D1;&#x10E0;&#x10D8;&#x10D5;&#x10D8; &#x10E1;&#x10E2;&#x10D8;&#x10E5;&#x10D8;&#x10E3;&#x10E0;&#x10D8; &#x10DB;&#x10DD;&#x10D5;&#x10DA;&#x10D4;&#x10DC;&#x10D4;&#x10D1;&#x10D8;&#x10E1; &#x10E1;&#x10D0;&#x10E4;&#x10E0;&#x10D7;&#x10EE;&#x10D4;&#x10D4;&#x10D1;&#x10D8;&#x10E1;&#x10D0; &#x10D3;&#x10D0; &#x10E0;&#x10D8;&#x10E1;&#x10D9;&#x10D4;&#x10D1;&#x10D8;&#x10E1;</subfield>
  </datafield>
  <datafield tag="653" ind1=" " ind2=" ">
    <subfield code="a">&#x10D2;&#x10D0;&#x10DC;&#x10EE;&#x10DD;&#x10E0;&#x10EA;&#x10D8;&#x10D4;&#x10DA;&#x10D3;&#x10D0; &#x10E1;&#x10EE;&#x10D5;&#x10D0;&#x10D3;&#x10D0;&#x10E1;&#x10EE;&#x10D5;&#x10D0; &#x10E2;&#x10D8;&#x10DE;&#x10D8;&#x10E1; &#x10E1;&#x10D0;&#x10E8;&#x10D8;&#x10E8;&#x10D8; &#x10D1;&#x10E3;&#x10DC;&#x10D4;&#x10D1;&#x10E0;&#x10D8;&#x10D5;&#x10D8; &#x10DE;&#x10E0;&#x10DD;&#x10EA;&#x10D4;&#x10E1;&#x10D4;&#x10D1;&#x10D8;&#x10E1; &#x10E0;&#x10D8;&#x10E1;&#x10D9;&#x10D8;&#x10E1; &#x10E8;&#x10D4;&#x10E4;&#x10D0;&#x10E1;&#x10D4;&#x10D1;&#x10D0; &#x10D9;&#x10DD;&#x10DC;&#x10D9;&#x10E0;&#x10D4;&#x10E2;&#x10E3;&#x10DA; &#x10DB;&#x10D2;&#x10D0;&#x10DA;&#x10D8;&#x10D7;&#x10D4;&#x10D1;&#x10D6;&#x10D4; &#x10D7;&#x10D0;&#x10DC;&#x10D0;&#x10DB;&#x10D4;&#x10D3;&#x10E0;&#x10DD;&#x10D5;&#x10D4; &#x10E2;&#x10D4;&#x10E5;&#x10DC;&#x10DD;&#x10DA;&#x10DD;&#x10D2;&#x10D8;&#x10D4;&#x10D1;&#x10D8;&#x10E1;&#x10D0; &#x10D3;&#x10D0; &#x10DB;&#x10D8;&#x10D3;&#x10D2;&#x10DD;&#x10DB;&#x10D4;&#x10D1;&#x10D8;&#x10E1; &#x10D2;&#x10D0;&#x10DB;&#x10DD;&#x10E7;&#x10D4;&#x10DC;&#x10D4;&#x10D1;&#x10D8;&#x10D7;.&#x10E8;&#x10D4;&#x10E4;&#x10D0;&#x10E1;&#x10D4;&#x10D1;&#x10D4;&#x10D1;&#x10D8; &#x10D3;&#x10D0; &#x10D9;&#x10D5;&#x10DA;&#x10D4;&#x10D5;&#x10D4;&#x10D1;&#x10D8; &#x10DB;&#x10DD;&#x10DB;&#x10D6;&#x10D0;&#x10D3;&#x10D3;&#x10D0; &#x10D3;&#x10D0; &#x10D2;&#x10D0;&#x10D5;&#x10E0;&#x10EA;&#x10D4;&#x10DA;&#x10D3;&#x10D0; &#x10E1;&#x10D0;&#x10D8;&#x10DC;&#x10E4;&#x10DD;&#x10E0;&#x10DB;&#x10D0;&#x10EA;&#x10D8;&#x10DD; &#x10DB;&#x10D0;&#x10E1;&#x10D0;&#x10DA;&#x10D8;&#x10E1; &#x10E1;&#x10D0;&#x10EE;&#x10D8;&#x10D7;.</subfield>
  </datafield>
  <datafield tag="653" ind1=" " ind2=" ">
    <subfield code="a">&#x10D2;&#x10D4;&#x10DD;&#x10D2;&#x10E0;&#x10D0;&#x10E4;&#x10D8;&#x10D0;</subfield>
  </datafield>
  <datafield tag="942" ind1=" " ind2=" ">
    <subfield code="c">BK</subfield>
  </datafield>
  <datafield tag="999" ind1=" " ind2=" ">
    <subfield code="c">51596</subfield>
    <subfield code="d">51596</subfield>
  </datafield>
  <datafield tag="952" ind1=" " ind2=" ">
    <subfield code="0">0</subfield>
    <subfield code="1">0</subfield>
    <subfield code="4">0</subfield>
    <subfield code="7">0</subfield>
    <subfield code="9">71680</subfield>
    <subfield code="d">2018-12-17</subfield>
    <subfield code="p">48042</subfield>
    <subfield code="r">2018-12-17</subfield>
    <subfield code="w">2018-12-17</subfield>
    <subfield code="y">BK</subfield>
  </datafield>
  <datafield tag="952" ind1=" " ind2=" ">
    <subfield code="0">0</subfield>
    <subfield code="1">0</subfield>
    <subfield code="4">0</subfield>
    <subfield code="7">0</subfield>
    <subfield code="9">71681</subfield>
    <subfield code="d">2018-12-17</subfield>
    <subfield code="p">48043</subfield>
    <subfield code="r">2018-12-17</subfield>
    <subfield code="w">2018-12-17</subfield>
    <subfield code="y">BK</subfield>
  </datafield>
  <datafield tag="952" ind1=" " ind2=" ">
    <subfield code="0">0</subfield>
    <subfield code="1">0</subfield>
    <subfield code="4">0</subfield>
    <subfield code="7">0</subfield>
    <subfield code="9">71682</subfield>
    <subfield code="d">2018-12-17</subfield>
    <subfield code="p">48044</subfield>
    <subfield code="r">2018-12-17</subfield>
    <subfield code="w">2018-12-17</subfield>
    <subfield code="y">BK</subfield>
  </datafield>
  <datafield tag="952" ind1=" " ind2=" ">
    <subfield code="0">0</subfield>
    <subfield code="1">0</subfield>
    <subfield code="4">0</subfield>
    <subfield code="7">0</subfield>
    <subfield code="9">71683</subfield>
    <subfield code="d">2018-12-17</subfield>
    <subfield code="p">48045</subfield>
    <subfield code="r">2018-12-17</subfield>
    <subfield code="w">2018-12-17</subfield>
    <subfield code="y">BK</subfield>
  </datafield>
</record>
